000 00661cam a22002053a 4500
001 39674
003 PGUSA
005 20140828083900.0
008 120512s2012||||xxu|||||s|||||000 | eng d
040 _aPGUSA
_beng
042 _adc
100 1 _aWebb, W. E.
245 1 0 _aBuffalo Land :
_bAuthentic Account of the Discoveries, Adventures, and Mishaps of a Scientific and Sporting Party in the Wild West
_h[electronic resource] /
_cW. E. Webb
260 _bProject Gutenberg,
_c2012
506 _aPublic domain in the USA.
516 _aElectronic text
830 0 _aProject Gutenberg
_v39674
856 4 0 _uhttp://www.gutenberg.org/ebooks/39674
942 _cEB
999 _c268927
_d268927